長崎県の市町村(1968年) - Statistics

General Stats
  • This quiz has been taken 21 times
  • The average score is 25 of 80
Answer Stats
コード 市町村 備考 % Correct
42203 島原市
100%
42204 諫早市
100%
42205 大村市
100%
42202 佐世保市
94%
42201 長崎市
88%
42207 平戸市
53%
42208 松浦市
53%
42307 西彼杵郡長与町
47%
42308 西彼杵郡時津町
47%
42206 福江市 2004年消滅
41%
42309 西彼杵郡琴海町 2006年消滅
35%
42310 西彼杵郡西彼町 2005年消滅
35%
42311 西彼杵郡西海町 2005年消滅
35%
42321 東彼杵郡東彼杵町
35%
42323 東彼杵郡波佐見町
35%
42362 南高来郡国見町 2005年消滅
35%
42367 南高来郡小浜町 2005年消滅
35%
42369 南高来郡加津佐町 2006年消滅
35%
42370 南高来郡口之津町 2006年消滅
35%
42371 南高来郡南有馬町 2006年消滅
35%
42383 北松浦郡小値賀町
35%
42391 北松浦郡佐々町
35%
42407 南松浦郡上五島町 2004年消滅
35%
42301 西彼杵郡香焼町 2005年消滅
29%
42302 西彼杵郡伊王島町 2005年消滅
29%
42303 西彼杵郡高島町 2005年消滅
29%
42304 西彼杵郡野母崎町 2005年消滅
29%
42306 西彼杵郡多良見町 2005年消滅
29%
42312 西彼杵郡大島町 2005年消滅
29%
42314 西彼杵郡大瀬戸町 2005年消滅
29%
42315 西彼杵郡外海町 2005年消滅
29%
42322 東彼杵郡川棚町
29%
42343 北高来郡高来町 2005年消滅
29%
42344 北高来郡小長井町 2005年消滅
29%
42361 南高来郡有明町 2006年消滅
29%
42366 南高来郡千々石町 2005年消滅
29%
42372 南高来郡北有馬村 1969年昇格
29%
42373 南高来郡西有家町 2006年消滅
29%
42374 南高来郡有家町 2006年消滅
29%
42376 南高来郡深江町 2006年消滅
29%
42385 北松浦郡田平町 2005年消滅
29%
42390 北松浦郡小佐々町 2006年消滅
29%
42392 北松浦郡吉井町 2005年消滅
29%
42421 壱岐郡郷ノ浦町 2004年消滅
29%
42441 下県郡厳原町 2004年消滅
29%
42442 下県郡美津島町 2004年消滅
29%
42445 上県郡上県町 2004年消滅
29%
42446 上県郡上対馬町 2004年消滅
29%
42305 西彼杵郡三和町 2005年消滅
24%
42313 西彼杵郡崎戸町 2005年消滅
24%
42341 北高来郡森山村 1969年昇格
24%
42365 南高来郡愛野町 2005年消滅
24%
42384 北松浦郡宇久町 2006年消滅
24%
42386 北松浦郡福島町 2006年消滅
24%
42387 北松浦郡鷹島村 1975年昇格
24%
42388 北松浦郡江迎町 2010年消滅
24%
42389 北松浦郡鹿町町 2010年消滅
24%
42405 南松浦郡奈留町 2004年消滅
24%
42424 壱岐郡石田村 1970年昇格
24%
42443 下県郡豊玉村 1975年昇格
24%
42444 上県郡峰村 1976年昇格
24%
42363 南高来郡瑞穂村 1969年昇格
18%
42364 南高来郡吾妻町 2005年消滅
18%
42381 北松浦郡大島村 2005年消滅
18%
42393 北松浦郡世知原町 2005年消滅
18%
42401 南松浦郡富江町 2004年消滅
18%
42403 南松浦郡三井楽町 2004年消滅
18%
42404 南松浦郡岐宿町 2004年消滅
18%
42406 南松浦郡若松町 2004年消滅
18%
42408 南松浦郡新魚目町 2004年消滅
18%
42423 壱岐郡芦辺町 2004年消滅
18%
42342 北高来郡飯盛町 2005年消滅
12%
42368 南高来郡南串山村 1969年昇格
12%
42375 南高来郡布津村 1969年昇格
12%
42382 北松浦郡生月町 2005年消滅
12%
42402 南松浦郡玉之浦町 2004年消滅
12%
42409 南松浦郡有川町 2004年消滅
12%
42410 南松浦郡奈良尾町 2004年消滅
12%
42422 壱岐郡勝本町 2004年消滅
12%
42316 西彼杵郡三重村 1973年消滅
6%
No matching quizzes found
Score Distribution
Percent of People with Each Score
Percentile by Number Answered
Your Score History
You have not taken this quiz